Countries with Animals - Tile Select - Statistics

General Stats
  • This quiz has been taken 12 times
  • The average score is 48 of 80
Answer Stats
Question Tile Select % Correct
Countries with Lions Iran No
100%
Countries with African Elephants Mauritania No
100%
Countries with Wolves Canada Yes
90%
Countries with African Elephants Djibouti No
90%
Countries with Lions Egypt No
90%
Countries with Lions Pakistan No
90%
Countries with Lions South Africa Yes
90%
Countries with Wolves United States Yes
90%
Countries with Rhinos Bangladesh No
80%
Countries with Jaguars Brazil Yes
80%
Countries with Jaguars Cuba No
80%
Countries with Jaguars Dominican Republic No
80%
Countries with Rhinos D. R. Congo Yes
80%
Countries with Jaguars Ecuador Yes
80%
Countries with Wolves Finland Yes
80%
Countries with Jaguars Jamaica No
80%
Countries with Wolves Norway Yes
80%
Countries with Lions Republic of Congo Yes
80%
Countries with Lions Sierra Leone No
80%
Countries with Rhinos Somalia No
80%
Countries with Jaguars South Africa No
80%
Countries with Rhinos Sudan No
80%
Countries with Lions Tanzania Yes
80%
Countries with Jaguars United States No
80%
Countries with Wolves Bangladesh No
70%
Countries with Wolves Egypt No
70%
Countries with African Elephants Gambia No
70%
Countries with Rhinos Indonesia Yes
70%
Countries with Rhinos Kenya Yes
70%
Countries with African Elephants Madagascar No
70%
Countries with Jaguars Panama Yes
70%
Countries with African Elephants Rwanda Yes
70%
Countries with Jaguars Suriname Yes
70%
Countries with Rhinos Thailand No
70%
Countries with Jaguars Uruguay No
70%
Countries with Rhinos Angola Yes
60%
Countries with Wolves Iceland No
60%
Countries with Lions India Yes
60%
Countries with Wolves India Yes
60%
Countries with Wolves Ireland No
60%
Countries with Jaguars Mexico Yes
60%
Countries with Rhinos Myanmar No
60%
Countries with Wolves Netherlands No
60%
Countries with Lions Nigeria Yes
60%
Countries with Jaguars Paraguay Yes
60%
Countries with African Elephants Somalia No
60%
Countries with Rhinos Sri Lanka No
60%
Countries with Lions Thailand No
60%
Countries with Jaguars Argentina Yes
50%
Countries with Jaguars Belize Yes
50%
Countries with Jaguars Chile No
50%
Countries with Lions Ethiopia Yes
50%
Countries with Wolves France Yes
50%
Countries with Rhinos Ghana No
50%
Countries with African Elephants Guinea-Bissau Yes
50%
Countries with Rhinos India Yes
50%
Countries with African Elephants Liberia Yes
50%
Countries with Rhinos Malaysia Yes
50%
Countries with African Elephants Nigeria Yes
50%
Countries with Rhinos South Sudan Yes
50%
Countries with African Elephants Sudan No
50%
Countries with Wolves Thailand No
50%
Countries with Wolves Ukraine Yes
50%
Countries with Wolves United Kingdom No
50%
Countries with African Elephants Burkina Faso Yes
40%
Countries with African Elephants Chad Yes
40%
Countries with Jaguars France Yes
40%
Countries with Wolves Mexico No
40%
Countries with Rhinos Republic of Congo No
40%
Countries with African Elephants Senegal Yes
40%
Countries with Lions Senegal Yes
40%
Countries with Lions Gabon No
30%
Countries with Wolves Israel Yes
30%
Countries with African Elephants Lesotho No
30%
Countries with Lions Niger Yes
30%
Countries with Lions Mali Yes
20%
Countries with Lions Sudan Yes
20%
Countries with African Elephants Burundi No
10%
Countries with African Elephants Eritrea Yes
10%
Countries with Rhinos Nepal Yes
10%
No matching quizzes found
Score Distribution
Percent of People with Each Score
Percentile by Number Answered
Your Score History
You have not taken this quiz